[Event "AUS-ch Major"]
[Site "Cammeray"]
[Date "2018.01.06"]
[Round "6"]
[White "Hariman, Andre"]
[Black "Low, Frank"]
[Result "1-0"]
[WhiteElo "1870"]
[BlackElo "1668"]
[PlyCount "31"]
[EventDate "2018.01.02"]
[EventType "swiss"]
[EventRounds "11"]
[EventCountry "AUS"]
[SourceTitle "CBM 182 Extra"]
[Source "ChessBase"]
[SourceDate "2018.02.23"]
[SourceVersion "1"]
[SourceVersionDate "2018.02.23"]
[SourceQuality "1"]

1. e4 e5 2. Nc3 Bc5 3. Bc4 Nf6 4. Nf3 Nc6 5. 0-0 0-0 6. d3 d6 7. Bg5 Bg4 8. Nd5 b5 9. Bb3 Nd4 10. Nxf6+ gxf6 11. Bh6 Qd7 12. Kh1 Bxf3 13. gxf3 Qh3 14. Rg1+ Kh8 15. Bg7+ Kg8 16. Bxf6+ 1-0

[Event "Australian op"]
[Site "Cammeray"]
[Date "2013.01.13"]
[Round "11"]
[White "Low, Frank"]
[Black "Buciu, Aurel John"]
[Result "1/2-1/2"]
[WhiteElo "1791"]
[BlackElo "1771"]
[PlyCount "147"]
[EventDate "2013.01.02"]
[EventType "swiss"]
[EventRounds "11"]
[EventCountry "AUS"]
[SourceTitle "CBM 152 Extra"]
[Source "ChessBase"]
[SourceDate "2013.02.25"]
[SourceVersion "1"]
[SourceVersionDate "2013.02.25"]
[SourceQuality "1"]

1. Nf3 d5 2. c4 e6 3. d4 Nf6 4. Nc3 c6 5. Bg5 Be7 6. e3 Nbd7 7. Rc1 0-0 8. Qc2 Re8 9. Bd3 h6 10. Bh4 dxc4 11. Bxc4 Nd5 12. Bxe7 Qxe7 13. e4 Nb4 14. Qe2 b5 15. Bb3 e5 16. d5 Nc5 17. Bc2 cxd5 18. a3 Nxc2+ 19. Qxc2 dxe4 20. Nxe4 Nxe4 21. Qxe4 Bb7 22. Qe3 Qf6 23. 0-0 e4 24. Nd4 a6 25. Rc7 Rab8 26. Rfc1 Red8 27. Rd1 Qe5 28. Rcc1 Rd5 29. Rd2 f5 30. Nc6 Bxc6 31. Rxc6 Rbd8 32. Qb3 Kh7 33. Rxd5 Qxd5 34. Qxd5 Rxd5 35. Kf1 a5 36. Rb6 a4 37. g3 Rc5 38. Ke1 h5 39. h4 Rd5 40. Ke2 Kg8 41. Rb7 Kh7 42. Ke1 Kh6 43. Rb6+ Kh7 44. Ke2 g6 45. Rb7+ Kg8 46. Ke3 Rd3+ 47. Kf4 Rb3 48. Kg5 Rxb2 49. Kxg6 Kf8 50. Kxf5 Rxf2+ 51. Kxe4 Rb2 52. Kf5 Rb3 53. Kg5 Rxa3 54. Rxb5 Rxg3+ 55. Kxh5 a3 56. Ra5 Kf7 57. Kh6 Kf6 58. Ra6+ Kf5 59. Ra4 Ke5 60. h5 Kd5 61. Kh7 Kc5 62. h6 Kb5 63. Ra8 Kb4 64. Rb8+ Kc3 65. Rg8 Rh3 66. Kg6 a2 67. Ra8 Kb2 68. h7 Rh2 69. Kg7 Rg2+ 70. Kf7 Rf2+ 71. Kg7 Rg2+ 72. Kf7 Rh2 73. Kg7 Rh1 74. h8Q 1/2-1/2

[Event "Australian op"]
[Site "Cammeray"]
[Date "2013.01.12"]
[Round "10"]
[White "Pickering, Anthony"]
[Black "Low, Frank"]
[Result "1-0"]
[WhiteElo "1887"]
[BlackElo "1791"]
[PlyCount "53"]
[EventDate "2013.01.02"]
[EventType "swiss"]
[EventRounds "11"]
[EventCountry "AUS"]
[SourceTitle "CBM 152 Extra"]
[Source "ChessBase"]
[SourceDate "2013.02.25"]
[SourceVersion "1"]
[SourceVersionDate "2013.02.25"]
[SourceQuality "1"]

1. b3 e5 2. Bb2 Nc6 3. e3 d5 4. Bb5 Bd6 5. f4 exf4 6. Bxg7 Qh4+ 7. Kf1 fxe3 8. dxe3 Nf6 9. Nf3 Qg4 10. Bxf6 Rg8 11. Rg1 Qf5 12. Qd4 Rg4 13. Qb2 d4 14. Bxc6+ bxc6 15. Bxd4 Bxh2 16. Nbd2 Ba6+ 17. c4 Qd3+ 18. Ke1 Bxg1 19. Ne5 Qf5 20. Nxg4 Qxg4 21. Nf3 Qg3+ 22. Kd1 Bf2 23. Bf6 Qd6+ 24. Ke2 Bg3 25. Rd1 Qe6 26. Qd4 c5 27. Qd8+ 1-0

[Event "Australian op"]
[Site "Cammeray"]
[Date "2013.01.05"]
[Round "4"]
[White "Champion, Patrick"]
[Black "Low, Frank"]
[Result "1-0"]
[WhiteElo "1987"]
[BlackElo "1791"]
[PlyCount "37"]
[EventDate "2013.01.02"]
[EventType "swiss"]
[EventRounds "11"]
[EventCountry "AUS"]
[SourceTitle "CBM 152 Extra"]
[Source "ChessBase"]
[SourceDate "2013.02.25"]
[SourceVersion "1"]
[SourceVersionDate "2013.02.25"]
[SourceQuality "1"]

1. e4 d6 2. d4 Nf6 3. Nc3 g6 4. Nf3 Bg7 5. Be2 0-0 6. 0-0 c6 7. a4 Nbd7 8. a5 b5 9. axb6 Qxb6 10. h3 Bb7 11. Be3 Rfb8 12. e5 Nd5 13. Nxd5 cxd5 14. exd6 Qxd6 15. Qd2 Bc8 16. Bf4 e5 17. dxe5 Nxe5 18. Ra5 Rxb2 19. Rxd5 1-0

[Event "Australian op"]
[Site "Cammeray"]
[Date "2013.01.04"]
[Round "3"]
[White "Low, Frank"]
[Black "Saleh, Akef"]
[Result "1-0"]
[WhiteElo "1791"]
[BlackElo "1947"]
[PlyCount "45"]
[EventDate "2013.01.02"]
[EventType "swiss"]
[EventRounds "11"]
[EventCountry "AUS"]
[SourceTitle "CBM 152 Extra"]
[Source "ChessBase"]
[SourceDate "2013.02.25"]
[SourceVersion "1"]
[SourceVersionDate "2013.02.25"]
[SourceQuality "1"]

1. Nf3 Nf6 2. d4 b6 3. g3 Bb7 4. Bg2 e6 5. c4 c5 6. 0-0 cxd4 7. Nxd4 Bxg2 8. Kxg2 d5 9. Qa4+ Nbd7 10. cxd5 Nxd5 11. e4 N5f6 12. Bg5 h6 13. Bxf6 gxf6 14. Rd1 Qc7 15. Nc3 Qb7 16. Ndb5 a6 17. Rxd7 Kxd7 18. Rd1+ Kc8 19. Na7+ Kb8 20. Nc6+ Kc8 21. Na7+ Kb8 22. Rd8+ Kxa7 23. Nb5# 1-0

[Event "AUS-ch Minor"]
[Site "Cammeray"]
[Date "2011.01.06"]
[Round "5"]
[White "Low, Frank"]
[Black "Stokes, Mark"]
[Result "1-0"]
[WhiteElo "1592"]
[BlackElo "1532"]
[PlyCount "39"]
[EventDate "2011.01.02"]
[EventType "swiss"]
[EventRounds "11"]
[EventCountry "AUS"]
[SourceTitle "EXT 2012"]
[Source "ChessBase"]
[SourceDate "2011.11.24"]
[SourceVersion "1"]
[SourceVersionDate "2011.11.24"]
[SourceQuality "1"]

1. d4 Nf6 2. c4 e5 3. dxe5 Ng4 4. Nf3 Bc5 5. e3 Nc6 6. Be2 0-0 7. 0-0 Re8 8. Nc3 a5 9. b3 Ngxe5 10. Nxe5 Nxe5 11. Bb2 Ra6 12. Qd5 Ba7 13. Ne4 Ng6 14. c5 Rae6 15. Ng5 R6e7 16. Bc4 c6 17. Qf3 Rf8 18. Qh5 h6 19. Qxg6 Re5 20. Qh7# 1-0

[Event "AUS-ch Major"]
[Site "Cammeray"]
[Date "2010.01.04"]
[Round "3"]
[White "Low, Frank"]
[Black "Gillespie, Gary"]
[Result "1/2-1/2"]
[WhiteElo "1468"]
[BlackElo "1839"]
[PlyCount "76"]
[EventDate "2010.01.02"]
[EventType "swiss"]
[EventRounds "11"]
[EventCountry "AUS"]
[SourceTitle "EXT 2011"]
[Source "ChessBase"]
[SourceDate "2010.11.26"]
[SourceVersion "1"]
[SourceVersionDate "2010.11.26"]
[SourceQuality "1"]

1. d4 Nf6 2. c4 g6 3. Nc3 Bg7 4. e4 d6 5. Nf3 0-0 6. Be2 e5 7. Bg5 h6 8. Be3 exd4 9. Nxd4 c5 10. Ndb5 Qa5 11. Bd2 Nc6 12. Nxd6 Qc7 13. Bf4 Qe7 14. Nxc8 Rfxc8 15. Bd6 Qe8 16. Bxc5 Nxe4 17. Nxe4 Qxe4 18. 0-0 Rd8 19. Bf3 Qxc4 20. Qc1 Qxc1 21. Raxc1 Rd2 22. Rfd1 Rxb2 23. Bxc6 bxc6 24. a3 a5 25. g3 a4 26. Bd4 Rb3 27. Bxg7 Kxg7 28. Rxc6 Rxa3 29. Rd7 Ra1+ 30. Kg2 a3 31. Rcc7 Rf8 32. Ra7 a2 33. Kf3 g5 34. Rd2 Re8 35. Rdxa2 Rxa2 36. Rxa2 Kg6 37. g4 Re6 38. Ra5 f6 1/2-1/2

[Event "AUS-ch Major"]
[Site "Cammeray"]
[Date "2010.01.03"]
[Round "2"]
[White "Lovejoy, David W"]
[Black "Low, Frank"]
[Result "1-0"]
[WhiteElo "1845"]
[BlackElo "1468"]
[PlyCount "39"]
[EventDate "2010.01.02"]
[EventType "swiss"]
[EventRounds "11"]
[EventCountry "AUS"]
[SourceTitle "EXT 2011"]
[Source "ChessBase"]
[SourceDate "2010.11.26"]
[SourceVersion "1"]
[SourceVersionDate "2010.11.26"]
[SourceQuality "1"]

1. e4 c5 2. Nf3 Nc6 3. d4 cxd4 4. Nxd4 Nf6 5. Nc3 d6 6. f3 g6 7. Be3 Bg7 8. Qd2 0-0 9. 0-0-0 a6 10. g4 Qc7 11. g5 Nh5 12. Nd5 Qd8 13. h4 e6 14. Nc3 Qc7 15. Be2 Na5 16. f4 Nc4 17. Bxc4 Qxc4 18. Nde2 b5 19. Qxd6 b4 20. b3 1-0

[Event "AUS-ch Major"]
[Site "Cammeray"]
[Date "2010.01.02"]
[Round "1"]
[White "Low, Frank"]
[Black "Guo, Emma"]
[Result "1/2-1/2"]
[WhiteElo "1468"]
[BlackElo "1812"]
[PlyCount "151"]
[EventDate "2010.01.02"]
[EventType "swiss"]
[EventRounds "11"]
[EventCountry "AUS"]
[SourceTitle "EXT 2011"]
[Source "ChessBase"]
[SourceDate "2010.11.26"]
[SourceVersion "1"]
[SourceVersionDate "2010.11.26"]
[SourceQuality "1"]

1. d4 Nf6 2. c4 c5 3. d5 b5 4. b3 bxc4 5. bxc4 g6 6. Bb2 Bg7 7. e4 d6 8. f4 0-0 9. Nd2 Na6 10. Be2 Rb8 11. Bc3 Re8 12. e5 Nd7 13. Ngf3 Nb6 14. 0-0 Bd7 15. a4 Nb4 16. Ne4 Bf5 17. Nfd2 Nd7 18. g4 Bxe4 19. Nxe4 dxe5 20. fxe5 Bxe5 21. Bxe5 Nxe5 22. Nxc5 Qb6 23. Qd4 Nc2 24. Qxe5 Qxc5+ 25. Kg2 Ne3+ 26. Kh1 Nxf1 27. Rxf1 Qb4 28. Qf4 Rf8 29. Qe4 Qxa4 30. h4 Qa3 31. Rf3 Rb3 32. Rxb3 Qxb3 33. Kg2 Qb4 34. h5 Qd6 35. g5 e6 36. h6 exd5 37. Qd4 f6 38. Qxa7 Rf7 39. Qa8+ Qf8 40. Qxd5 fxg5 41. c5 Qxh6 42. Bc4 Qg7 43. Qd8+ Qf8 44. Qxg5 Kg7 45. Bxf7 Qxf7 46. c6 Qa2+ 47. Kf3 Qb3+ 48. Qe3 Qd5+ 49. Qe4 Qd6 50. Qc4 Qc7 51. Qb5 Kf6 52. Ke4 Ke7 53. Qb7 Kd6 54. Qb4+ Kxc6 55. Qc3+ Kd7 56. Qg7+ Kc8 57. Qg8+ Kb7 58. Qb3+ Ka7 59. Qa4+ Kb8 60. Qe8+ Qc8 61. Qe5+ Kb7 62. Qe7+ Kc6 63. Qf6+ Kd7 64. Qg7+ Ke6 65. Qxh7 Qc4+ 66. Ke3 Kf5 67. Qh3+ Qg4 68. Qf1+ Kg5 69. Qf7 Kh4 70. Qh7+ Kg3 71. Qc7+ Kh3 72. Qh7+ Kg2 73. Qb7+ Kh2 74. Qb2+ Qg2 75. Qxg2+ Kxg2 76. Kf4 1/2-1/2